| 000 | 00550nam a2200097Ia 4500 | ||
|---|---|---|---|
| 008 | 170517s9999 xx 000 0 und d | ||
| 245 | _aAi Weiwei: Without Fear or Favour | ||
| 300 | _aArts documentary, first broadcast before Ai Weiwei's arrest by the Chinese authorities in April 2011, and his subsequent release after being detained for 11 weeks. Architect, photographer, curator and blogger, Ai Weiwei is China's most famous and politically outspoken... | ||
| 650 | _xArt. | ||
| 856 | _uhttp://topdocumentaryfilms.com/ai-weiwei-without-fear-or-favour/ | ||
| 999 |
_c333107 _d333107 |
||